Advanced accounting

Αποθηκεύτηκε σε:
Λεπτομέρειες βιβλιογραφικής εγγραφής
Κύριος συγγραφέας: Fischer, Paul M.
Άλλοι συγγραφείς: Taylor, William James, Leer, J. Arthur
Μορφή: Βιβλίο
Γλώσσα:English
Δημοσίευση: Cincinnati Ohio : South-Western, 1993
Έκδοση:5th ed.
Θέματα:
Ετικέτες: Προσθήκη ετικέτας
Δεν υπάρχουν, Καταχωρήστε ετικέτα πρώτοι!

MARC

LEADER 00000nam a2200000 i 4500
001 1/49828
008 960403s1993 eng d
020 |a 0-538-82251-1 
035 |l 10026900 
040 |a GR-MY-UA  |b gre  |e aacr 
041 0 |a eng 
082 0 |a 657.046 
100 1 |a Fischer, Paul M. 
245 1 0 |a Advanced accounting /  |c Paul M.Fischer, William J.Taylor, J.Arthur Leer 
250 |a 5th ed. 
260 |a Cincinnati Ohio :   |b South-Western,   |c 1993 
300 |a 1178 σ. 
504 |a Περιλαμβάνει βιβλιογραφικές παραπομπές και ευερτήριο 
650 0 0 |a Accounting. 
700 1 |a Taylor, William James. 
700 1 |a Leer, J. Arthur. 
852 |a INST  |b CHIOS  |e 19960403  |h 657.046 FIS  |p 005200003569  |q 005200003569  |t BK  |y 0 
909 |a Χ  |b 037945